| 000 | 00597nam a22002417a 4500 | ||
|---|---|---|---|
| 003 | LK-CoDNM | ||
| 005 | 20241120140711.0 | ||
| 008 | 241015b |||||||| |||| 00| 0 eng d | ||
| 040 |
_aLK-CoDNM _dLK-CoDNM _eLK-CoDNM |
||
| 041 | _aeng | ||
| 080 |
_aPM _bE2.1 |
||
| 100 | _a | ||
| 245 |
_aThe Maha Bodhi-1928 ( Vol.36 ) _bNo.11 |
||
| 260 |
_aCulcutta _bGouranga press _c1928 |
||
| 300 | _b44p. ; 25 cm | ||
| 500 | _aMonthly magazine | ||
| 650 | _aThe Maha Bodhi-1928 ( Vol.36 ) | ||
| 650 | _aNo.11 | ||
| 650 | _aPM E2.1 | ||
| 650 | _a1928 | ||
| 650 | _aMonthly magazine | ||
| 942 | _cBK | ||
| 999 |
_c231342 _d231342 |
||